<?xml version="1.0" encoding="UTF-8"?><?xml-stylesheet type="text/xsl" href="static/style.xsl"?><OAI-PMH xmlns="http://www.openarchives.org/OAI/2.0/" xmlns:xsi="http://www.w3.org/2001/XMLSchema-instance" xsi:schemaLocation="http://www.openarchives.org/OAI/2.0/ http://www.openarchives.org/OAI/2.0/OAI-PMH.xsd"><responseDate>2026-04-28T21:13:50Z</responseDate><request verb="GetRecord" identifier="oai:uvadoc.uva.es:10324/68751" metadataPrefix="marc">https://uvadoc.uva.es/oai/request</request><GetRecord><record><header><identifier>oai:uvadoc.uva.es:10324/68751</identifier><datestamp>2024-07-15T19:00:43Z</datestamp><setSpec>com_10324_991</setSpec><setSpec>com_10324_931</setSpec><setSpec>com_10324_894</setSpec><setSpec>col_10324_992</setSpec></header><metadata><record xmlns="http://www.loc.gov/MARC21/slim" xmlns:doc="http://www.lyncode.com/xoai" xmlns:xsi="http://www.w3.org/2001/XMLSchema-instance" xmlns:dcterms="http://purl.org/dc/terms/" xsi:schemaLocation="http://www.loc.gov/MARC21/slim http://www.loc.gov/standards/marcxml/schema/MARC21slim.xsd">
<leader>00925njm 22002777a 4500</leader>
<datafield tag="042" ind1=" " ind2=" ">
<subfield code="a">dc</subfield>
</datafield>
<datafield tag="720" ind1=" " ind2=" ">
<subfield code="a">Domínguez Luelmo, Andrés Augusto</subfield>
<subfield code="e">author</subfield>
</datafield>
<datafield tag="260" ind1=" " ind2=" ">
<subfield code="c">2024</subfield>
</datafield>
<datafield tag="520" ind1=" " ind2=" ">
<subfield code="a">Em Espanha será em breve aprovada uma nova Lei!que virá reformar a legislação civil e processual para o apoio às pessoas com deficiência no exercício da sua capacidade jurídica!1. Esta reforma é imposta pela necessidade de adaptar o ordenamento jurídico espanhol à Convenção sobre os direitos das pessoas com deficiência de 13 de Dezembro de 2006. Resulta deste tratado internacional, particularmente do seu artigo!12, que as pessoas com deficiência têm capacidade jurídica, em igualdade de condições com as demais, em todos os aspectos da sua vida. Isto obriga Espanha, como os demais Estados signatários, a adoptar as medidas pertinentes para proporcionar às pessoas com deficiência o acesso aos apoios que possam necessitar para o exercício da sua capacidade jurídica.</subfield>
</datafield>
<datafield tag="024" ind2=" " ind1="8">
<subfield code="a">Revista da Faculdade de Direito da Universidade do Porto,  2020-2021, p. 97-116</subfield>
</datafield>
<datafield tag="024" ind2=" " ind1="8">
<subfield code="a">1645-1430</subfield>
</datafield>
<datafield tag="024" ind2=" " ind1="8">
<subfield code="a">https://uvadoc.uva.es/handle/10324/68751</subfield>
</datafield>
<datafield ind1=" " ind2=" " tag="653">
<subfield code="a">Derecho transitorio</subfield>
</datafield>
<datafield tag="245" ind1="0" ind2="0">
<subfield code="a">A reforma espanhola dos direitos das pessoas con deficiencia: problemas de direito transitorio</subfield>
</datafield>
</record></metadata></record></GetRecord></OAI-PMH>